|
|
|
|
| LEADER |
00959cam a2200241 7i4500 |
| 001 |
0000076343 |
| 005 |
20230316090000.0 |
| 020 |
|
|
|a 9780323951081 (electronic book)
|
| 090 |
0 |
0 |
|a HD9502.5.C542
|b G74 2023
|
| 245 |
0 |
0 |
|a Green energy systems :
|b design, modeling, synthesis and applications
|c edited by Vinod Kumar Singh [and five others].
|
| 264 |
|
|
|a London:
|b Academic Press,
|c 2023.
|
| 300 |
|
|
|a 1 online resource (xii, 256 pages):
|b illustrations (some color), text file, PDF.
|
| 336 |
|
|
|a text
|2 rdacontent
|
| 337 |
|
|
|a computer
|2 rdamedia
|
| 338 |
|
|
|a online resource
|2 rdacarrier
|
| 650 |
|
0 |
|a Clean energy
|
| 650 |
|
0 |
|a Electric power systems
|
| 655 |
|
0 |
|a Electronic books
|
| 700 |
1 |
|
|a Singh, Vinod Kumar
|
| 856 |
4 |
2 |
|u http://library.unisel.edu.my/web/guest/mylibrary
|
| 997 |
|
|
|a Engineering & Life Sciences, Faculty
|b Science & Biotechnology, Department
|
| 998 |
|
|
|a Biotechnology, Degree
|
| 999 |
|
|
|a EBO0019370
|b EBOOK
|c EBOOK
|e Electronic resources
|